000 00678nam a2200193Ia 4500
003 GCL
008 140319s9999 xx 000 0 ara d
040 _aGCL /
_cGCL
082 0 4 _a373.19
_bف م
100 1 _aفاطمة ابراهيم حميدة
245 1 0 _aالمواد الاجتماعية: اهدافها , ومحتواها واستراتيجيات تدريسها /
_cفاطمة ابراهيم حميدة
300 _a238 ص
490 _aالهيئة العامة للاستعلامات
_v0
650 0 4 _aالتعليم
650 0 4 _aالتربية
650 0 4 _aالعلوم الاجتماعية
650 0 4 _aالمواد الاجتماعية
942 _2ddc
_cBK
999 _c49168
_d49168